Le cabinet des fées, ou, Collection choisie des contes des fées, et autres contes merveilleux ornées de figures

Detalles Bibliográficos
Formato: Libro
Lenguaje:Undetermined
French
Publicado: a Geneve : chez Barde Manguet et compagnie, 1787.
Materias:
Colección:Banco de datos
Acervo:Biblioteca Palafoxiana. Colección bibliográfica
Descripción Física:t. : il. ; 8°
Tema general:Literatura universal
Notas:Incluye frontispicio. Incluye ilustraciones en grabado calcográfico. Sello en tinta: Biblioteca de la Universidad Católica Angelopolitana. Número de localización: t.25 (37379)
LEADER 00714nam a2200157Ia 4500
008 150723s9999 xx 000 0 und d
041 0 |a fre 
050 0 |a PAFX PA6013 C3 
245 1 0 |a Le cabinet des fées, ou, Collection choisie des contes des fées, et autres contes merveilleux ornées de figures 
260 |a a Geneve : chez Barde Manguet et compagnie, 1787. 
300 |a t. : il. ; 8° 
500 |a Incluye frontispicio. Incluye ilustraciones en grabado calcográfico. Sello en tinta: Biblioteca de la Universidad Católica Angelopolitana. Número de localización: t.25 (37379) 
650 1 0 |a Literatura universal 
942 |c PALALIB 
943 |g Biblioteca Palafoxiana. Colección bibliográfica 
999 |c 1065631  |d 1065631